[Event "IX Floripa Chess Open Fort Atacadista"]
[Site "Florianópolis - Santa Catari"]
[Date "2023.01.27"]
[Round "7.45"]
[White "Rodriguez, Mathias"]
[Black "Gazola, Vanessa Ramos"]
[Result "1-0"]
[WhiteElo "2207"]
[BlackElo "1949"]
[PlyCount "109"]
[EventDate "2023.01.23"]
[EventRounds "10"]
[EventCountry "BRA"]

1. Nf3 d5 2. g3 Nf6 3. Bg2 e6 4. O-O Be7 5. d3 O-O 6. Nbd2 c5 7. e4 Nc6 8. Re1
dxe4 9. dxe4 e5 10. c3 b5 11. a4 b4 12. Nc4 Qxd1 13. Rxd1 Bg4 14. h3 Bxf3 15.
Bxf3 Rfd8 16. Bg5 Rxd1+ 17. Rxd1 Rd8 18. Rxd8+ Bxd8 19. Kf1 Kf8 20. Ke2 h6 21.
Be3 Be7 22. Kd3 Nd7 23. Bg4 Ke8 24. f4 f6 25. Be6 Kd8 26. Bd5 Ndb8 27. fxe5
fxe5 28. Bf2 Kc7 29. g4 Kd7 30. Bg3 Bf6 31. Nd2 bxc3 32. bxc3 Na5 33. Nf3 Kd6
34. h4 Nd7 35. g5 hxg5 36. hxg5 Be7 37. Bf2 Nb6 38. Bg3 Nd7 39. Bf7 Nc6 40. Be8
Bd8 41. Bxd7 Kxd7 42. Nxe5+ Nxe5+ 43. Bxe5 Bxg5 44. Bxg7 Kc6 45. Kc4 Be7 46.
Be5 a6 47. Bg7 Bd6 48. e5 Be7 49. Bf6 Bf8 50. e6 Bd6 51. e7 Kd7 52. Kd5 Bc7 53.
Kxc5 Ba5 54. c4 Bc7 55. Kd5 1-0

[Event "IX Floripa Chess Open Fort Atacadista"]
[Site "Florianópolis - Santa Catari"]
[Date "2023.01.27"]
[Round "7.46"]
[White "Soares, Renan Barbosa Monte"]
[Black "De Borba, Gabriel"]
[Result "1-0"]
[WhiteElo "1941"]
[BlackElo "2191"]
[PlyCount "92"]
[EventDate "2023.01.23"]
[EventRounds "10"]
[EventCountry "BRA"]

1. d4 Nf6 2. c4 g6 3. Nc3 d5 4. cxd5 Nxd5 5. e4 Nxc3 6. bxc3 Bg7 7. Bc4 O-O 8.
Ne2 b6 9. Be3 Bb7 10. f3 c5 11. Qd2 Qc7 12. Rc1 Nc6 13. h4 h5 14. a4 Na5 15.
Ba2 c4 16. Rb1 Rfd8 17. Rb5 Ba6 18. Rg5 Bf6 19. g4 Bxg5 20. hxg5 Nc6 21. gxh5
e5 22. f4 Qe7 23. Ng3 Qf8 24. hxg6 fxg6 25. Qh2 Qg7 26. f5 Kf7 27. Qe2 exd4 28.
Bxc4+ Ke8 29. f6 Qf8 30. Bb5 Bxb5 31. Qxb5 Rac8 32. cxd4 Qb4+ 33. Qxb4 Nxb4 34.
e5 Kf7 35. Ne2 Nd5 36. Bd2 Rh8 37. Rf1 Rc4 38. Nf4 Nxf4 39. Rxf4 Rd8 40. Be3
Rxa4 41. Rh4 Ke6 42. Rh7 Rd7 43. Rh8 Raxd4 44. Bxd4 Rxd4 45. Re8+ Kf7 46. Re7+
Kf8 1-0

[Event "IX Floripa Chess Open Fort Atacadista"]
[Site "Florianópolis - Santa Catari"]
[Date "2023.01.27"]
[Round "7.47"]
[White "Fernandez, Maria Florencia"]
[Black "Seccafim, Caic Dos Santos"]
[Result "0-1"]
[WhiteElo "2181"]
[BlackElo "1936"]
[PlyCount "70"]
[EventDate "2023.01.23"]
[EventRounds "10"]
[EventCountry "BRA"]

1. d4 Nf6 2. c4 c5 3. d5 b5 4. cxb5 a6 5. bxa6 g6 6. Nc3 Bg7 7. Nf3 O-O 8. e4
Qa5 9. Bd2 Bxa6 10. Be2 Bxe2 11. Qxe2 Qa6 12. a4 Qxe2+ 13. Kxe2 d6 14. Rhc1 Na6
15. Ne1 Rfb8 16. Rab1 Rb3 17. f3 Nd7 18. Nd3 c4 19. Nf2 Nac5 20. Nfd1 Nd3 21.
Rc2 N7c5 22. Ra1 Nb4 23. Rcc1 Ncd3 24. Rcb1 Nc2 25. Ra2 Ndb4 26. Rba1 Nxa1 27.
Rxa1 Nd3 28. Ra2 Rab8 29. a5 Nxb2 30. a6 Nd3 31. a7 Ra8 32. Ra5 Bd4 33. Be3
Bxc3 34. Nxc3 Rxc3 35. Rb5 Rc2+ 0-1

[Event "IX Floripa Chess Open Fort Atacadista"]
[Site "Florianópolis - Santa Catari"]
[Date "2023.01.27"]
[Round "7.48"]
[White "Heinechen, John"]
[Black "Zacarias, M Ruben D"]
[Result "0-1"]
[WhiteElo "1935"]
[BlackElo "2176"]
[PlyCount "56"]
[EventDate "2023.01.23"]
[EventRounds "10"]
[EventCountry "BRA"]

1. e4 c5 2. Nc3 Nc6 3. f4 g6 4. Nf3 Bg7 5. Bc4 e6 6. O-O Nge7 7. d4 cxd4 8. Nb5
d5 9. exd5 exd5 10. Bb3 Bg4 11. h3 Bxf3 12. Qxf3 O-O 13. f5 Nxf5 14. Bxd5 Ne5
15. Qb3 Qb6 16. Bf4 Rad8 17. Rae1 Ne3 18. Rxe3 dxe3 19. Bxe3 Qa5 20. Bxa7 b6
21. Rf4 Rd7 22. Ra4 Qe1+ 23. Kh2 Ng4+ 24. Rxg4 Qe5+ 25. Kh1 Rxd5 26. c4 Qe1+
27. Kh2 Be5+ 28. Rg3 Rd1 0-1

[Event "IX Floripa Chess Open Fort Atacadista"]
[Site "Florianópolis - Santa Catari"]
[Date "2023.01.27"]
[Round "7.49"]
[White "Barrientos, Ernesto"]
[Black "Caetano, Hugo Zanotti Mendon"]
[Result "1-0"]
[WhiteElo "1934"]
[BlackElo "2166"]
[PlyCount "57"]
[EventDate "2023.01.23"]
[EventRounds "10"]
[EventCountry "BRA"]

1. e4 c5 2. Nf3 Nc6 3. d4 cxd4 4. Nxd4 g6 5. c4 Bg7 6. Be3 Nh6 7. Nc3 O-O 8.
Be2 f5 9. Nxc6 dxc6 10. Qc1 Ng4 11. Bxg4 fxg4 12. O-O Be6 13. c5 Qa5 14. Qc2
Rad8 15. Rfd1 Qb4 16. Rd2 Rxd2 17. Qxd2 Bxc3 18. Qxc3 Qxe4 19. Bh6 Rf6 20. Re1
Qf5 21. Qd2 Qd5 22. Qxd5 cxd5 23. Bg5 Rf5 24. Rxe6 Rxg5 25. Rxe7 d4 26. b4 Kf8
27. Rxb7 Ke8 28. c6 Rd5 29. Rb8+ 1-0

[Event "IX Floripa Chess Open Fort Atacadista"]
[Site "Florianópolis - Santa Catari"]
[Date "2023.01.27"]
[Round "7.50"]
[White "Schena, Arthur"]
[Black "Piccoli, Lucas Fonseca"]
[Result "0-1"]
[WhiteElo "1918"]
[BlackElo "2148"]
[PlyCount "72"]
[EventDate "2023.01.23"]
[EventRounds "10"]
[EventCountry "BRA"]

1. d4 Nf6 2. c4 e6 3. a3 c5 4. e3 b6 5. Nc3 Bb7 6. Nf3 d6 7. Be2 Be7 8. O-O O-O
9. b3 Nbd7 10. d5 exd5 11. cxd5 a6 12. a4 Re8 13. e4 Bf8 14. Nd2 g6 15. Bb2 Bg7
16. Kh1 g5 17. f4 gxf4 18. Rxf4 Ne5 19. Qf1 Bc8 20. Nd1 Nfd7 21. Ne3 Nf8 22.
Nf5 Bxf5 23. exf5 Nfd7 24. Rc1 Nf6 25. Rc3 Nxd5 26. Rg3 Nxf4 27. Qxf4 f6 28.
Qh6 Ra7 29. Ne4 Kh8 30. Qh4 d5 31. Rh3 h6 32. Bc1 Nf7 33. Ng3 Ng5 34. Bxg5 fxg5
35. Qg4 Qf6 36. Qf3 Rae7 0-1

[Event "IX Floripa Chess Open Fort Atacadista"]
[Site "Florianópolis - Santa Catari"]
[Date "2023.01.27"]
[Round "7.51"]
[White "Dominguez, Facundo"]
[Black "Souza, Ramon Santana De"]
[Result "0-1"]
[WhiteElo "2132"]
[BlackElo "1933"]
[PlyCount "64"]
[EventDate "2023.01.23"]
[EventRounds "10"]
[EventCountry "BRA"]

1. e4 g6 2. d4 Bg7 3. Nc3 d6 4. Nf3 a6 5. a4 Nf6 6. Be2 O-O 7. O-O Nc6 8. h3 e5
9. dxe5 dxe5 10. Be3 Qe7 11. Nd5 Nxd5 12. exd5 Nb8 13. Qd2 Nd7 14. Rfd1 Qd6 15.
c4 a5 16. Qc3 b6 17. Rac1 Nc5 18. Qa3 Bd7 19. b3 h6 20. Ne1 Bf5 21. Nd3 Bxd3
22. Bxd3 f5 23. f3 e4 24. Be2 g5 25. fxe4 Rae8 26. Rf1 Rxe4 27. Bxc5 bxc5 28.
Bd3 Bd4+ 29. Kh1 Qg3 30. Rf3 Re1+ 31. Bf1 Qe5 32. Rxe1 Qxe1 0-1

[Event "IX Floripa Chess Open Fort Atacadista"]
[Site "Florianópolis - Santa Catari"]
[Date "2023.01.27"]
[Round "7.52"]
[White "Cruz, Natan Gomes"]
[Black "Moura, Eduardo Eugenio Cha"]
[Result "0-1"]
[WhiteElo "1891"]
[BlackElo "2127"]
[PlyCount "80"]
[EventDate "2023.01.23"]
[EventRounds "10"]
[EventCountry "BRA"]

1. e4 c5 2. Nf3 g6 3. d4 cxd4 4. Nxd4 Nc6 5. Be3 Nf6 6. Nc3 Bg7 7. Be2 O-O 8.
O-O d5 9. exd5 Nxd5 10. Nxd5 Qxd5 11. Bf3 Qc4 12. Nxc6 bxc6 13. c3 Be6 14. Re1
Rab8 15. Qe2 a5 16. b3 Qxe2 17. Rxe2 Bd5 18. Bxd5 cxd5 19. Bd2 e6 20. Rc1 Rfc8
21. Kf1 a4 22. bxa4 Ra8 23. Be1 Rxa4 24. Rec2 Rac4 25. Ke2 d4 26. Kd3 e5 27. f3
f5 28. Bd2 e4+ 29. fxe4 fxe4+ 30. Kxe4 dxc3+ 31. Kd3 cxd2 32. Kxd2 Rxc2+ 33.
Rxc2 Rxc2+ 34. Kxc2 Be5 35. g3 Kf7 36. Kd3 Kf6 37. Ke4 Bc7 38. a3 g5 39. a4 g4
40. a5 Bxa5 0-1

[Event "IX Floripa Chess Open Fort Atacadista"]
[Site "Florianópolis - Santa Catari"]
[Date "2023.01.27"]
[Round "7.53"]
[White "Rosa, Gabriel Redon"]
[Black "Federzoni, Enzo"]
[Result "1/2-1/2"]
[WhiteElo "1883"]
[BlackElo "2123"]
[PlyCount "74"]
[EventDate "2023.01.23"]
[EventRounds "10"]
[EventCountry "BRA"]

1. e4 c5 2. Nf3 d6 3. d4 cxd4 4. Nxd4 Nf6 5. Nc3 a6 6. f3 e5 7. Nb3 Be6 8. Be3
h5 9. Qd2 Nbd7 10. O-O-O b5 11. Nd5 Rc8 12. Qa5 Qxa5 13. Nxa5 Bxd5 14. exd5 Be7
15. Be2 Bd8 16. Nb3 h4 17. f4 e4 18. Rhe1 Kf8 19. f5 Nb6 20. Bxb6 Bxb6 21. Kb1
g6 22. fxg6 fxg6 23. Nd4 Bxd4 24. Rxd4 Kg7 25. a4 Rc5 26. axb5 axb5 27. Rb4
Rhc8 28. c3 Rxd5 29. Rxb5 Rd2 30. Kc1 Rd5 31. Rxd5 Nxd5 32. Bg4 Re8 33. Bd7 Re7
34. Bc6 Nf6 35. b4 Rc7 36. b5 d5 37. Kd2 Kf7 1/2-1/2

[Event "IX Floripa Chess Open Fort Atacadista"]
[Site "Florianópolis - Santa Catari"]
[Date "2023.01.27"]
[Round "7.54"]
[White "Souza, Atahander"]
[Black "Fernandes Filho, Bergson Fragoso"]
[Result "0-1"]
[WhiteElo "1882"]
[BlackElo "2113"]
[PlyCount "66"]
[EventDate "2023.01.23"]
[EventRounds "10"]
[EventCountry "BRA"]

1. b3 d5 2. e3 c5 3. Bb2 Nc6 4. f4 Nf6 5. Nf3 a6 6. Be2 d4 7. O-O Bf5 8. Nh4
Bd7 9. Qe1 Qc7 10. c3 dxe3 11. dxe3 e5 12. Nd2 Be7 13. fxe5 Nxe5 14. Qg3 O-O-O
15. Nc4 Nxc4 16. Qxc7+ Kxc7 17. Bxc4 Ng4 18. Nf5 Bxf5 19. Rxf5 f6 20. Rf4 Ne5
21. Bf1 Rd2 22. Bc1 Rd1 23. Kf2 Rhd8 24. Be2 Nd3+ 25. Bxd3 R1xd3 26. c4 Rc3 27.
Ke1 Rc2 28. Rf2 Rd1+ 29. Kxd1 Rxf2 30. Bd2 Rxg2 31. Be1 Bd6 32. h4 Be5 33. Rb1
Rxa2 0-1

[Event "IX Floripa Chess Open Fort Atacadista"]
[Site "Florianópolis - Santa Catari"]
[Date "2023.01.27"]
[Round "7.55"]
[White "Valcarcel, Victor Ignacio Dos "]
[Black "Starke, Bruno Orlando"]
[Result "1/2-1/2"]
[WhiteElo "1873"]
[BlackElo "2100"]
[PlyCount "76"]
[EventDate "2023.01.23"]
[EventRounds "10"]
[EventCountry "BRA"]

1. e4 c5 2. Nf3 e6 3. d4 cxd4 4. Nxd4 a6 5. Be2 Nf6 6. Nd2 e5 7. N4f3 Nc6 8.
O-O Be7 9. c3 O-O 10. Qc2 d5 11. exd5 Nxd5 12. Re1 Qc7 13. Nf1 h6 14. Ne3 Be6
15. Nf5 Bf6 16. Bd3 Rfd8 17. Be4 Rac8 18. Be3 b5 19. Rad1 b4 20. cxb4 Ncxb4 21.
Qxc7 Rxc7 22. Bxd5 Rxd5 23. Rxd5 Nxd5 24. Ng3 Nxe3 25. Rxe3 Bxa2 26. h3 Rc1+
27. Kh2 Rc2 28. Nxe5 Rxb2 29. Nd7 Be6 30. Nxf6+ gxf6 31. Ne4 f5 32. Nc5 Bc4 33.
Rc3 Bb5 34. Ra3 f4 35. Kg1 Rb1+ 36. Kh2 Rb2 37. Kg1 Rb1+ 38. Kh2 Rb2 1/2-1/2

[Event "IX Floripa Chess Open Fort Atacadista"]
[Site "Florianópolis - Santa Catari"]
[Date "2023.01.27"]
[Round "7.56"]
[White "De Carvalho, Vitor Augusto Ponci"]
[Black "Cavalcante, Adriano Nunes"]
[Result "1-0"]
[WhiteElo "2097"]
[BlackElo "1909"]
[PlyCount "73"]
[EventDate "2023.01.23"]
[EventRounds "10"]
[EventCountry "BRA"]

1. c4 c6 2. e4 d5 3. exd5 cxd5 4. d4 Nf6 5. Nc3 Nc6 6. Nf3 Bg4 7. Bd3 e6 8. c5
Be7 9. b4 Bxf3 10. gxf3 Nxb4 11. Qb3 Nc6 12. Qxb7 Rc8 13. Bb5 Qd7 14. Qa6 O-O
15. O-O Rfd8 16. Ne2 Ne8 17. Rb1 Bf6 18. Bf4 h5 19. h3 g6 20. Rfd1 Ng7 21. Rb3
Nf5 22. Rdd3 h4 23. Kg2 Kg7 24. Ba4 Nfe7 25. Rb7 Qe8 26. Bd6 Qh8 27. Nf4 Kg8
28. Bxe7 Nxe7 29. Nxe6 fxe6 30. Qxe6+ Kf8 31. c6 Qg7 32. c7 Re8 33. Bxe8 Rxe8
34. Rb8 Qf7 35. Rxe8+ Qxe8 36. Qxf6+ Kg8 37. Re3 1-0

[Event "IX Floripa Chess Open Fort Atacadista"]
[Site "Florianópolis - Santa Catari"]
[Date "2023.01.27"]
[Round "7.57"]
[White "Silva, Ezequiel Demetras"]
[Black "Souza, Rafael Cabral De"]
[Result "0-1"]
[WhiteElo "1811"]
[BlackElo "2096"]
[PlyCount "116"]
[EventDate "2023.01.23"]
[EventRounds "10"]
[EventCountry "BRA"]

1. e4 c5 2. Nf3 e6 3. c4 a6 4. Nc3 Qc7 5. Be2 Nc6 6. O-O Nd4 7. Bd3 g6 8. Nxd4
cxd4 9. Ne2 Bg7 10. b3 Ne7 11. Bb2 Nc6 12. Rc1 O-O 13. f4 Nb4 14. Bb1 d6 15. a3
Nc6 16. g4 f5 17. exf5 exf5 18. gxf5 d3 19. Nc3 Bd4+ 20. Kg2 Bxf5 21. Qf3 Qd7
22. Bxd3 Be6 23. Qg3 Ne7 24. Ba1 Nf5 25. Bxf5 Bxf5 26. Qf3 Rf7 27. Nd5 Bg4 28.
Qg3 Bxa1 29. Rxa1 Raf8 30. Rae1 Be6 31. Ne3 d5 32. d3 dxc4 33. dxc4 b5 34. cxb5
axb5 35. h3 Qb7+ 36. Qf3 Qxf3+ 37. Rxf3 Rxf4 38. Rxf4 Rxf4 39. b4 Rh4 40. Rh1
Rd4 41. Rd1 Rh4 42. Rh1 Kg7 43. Kg3 g5 44. Ng2 Rc4 45. Re1 Kf6 46. Re3 h5 47.
h4 gxh4+ 48. Kf2 Rc2+ 49. Kg1 h3 50. Nf4 h2+ 51. Kh1 Bg4 52. Ng2 Bd7 53. Kxh2
Bc6 54. Rg3 Rxg2+ 55. Rxg2 Bxg2 56. Kxg2 Ke5 57. Kf3 Kd4 58. Ke2 Kc3 0-1

[Event "IX Floripa Chess Open Fort Atacadista"]
[Site "Florianópolis - Santa Catari"]
[Date "2023.01.27"]
[Round "7.58"]
[White "Heredia Serrano, Carla"]
[Black "Cristino, Felipe Borges"]
[Result "1-0"]
[WhiteElo "2093"]
[BlackElo "1893"]
[PlyCount "43"]
[EventDate "2023.01.23"]
[EventRounds "10"]
[EventCountry "BRA"]

1. e4 c5 2. Nf3 Nc6 3. Bb5 d6 4. O-O Bd7 5. c3 a6 6. Bd3 Bg4 7. Be2 Nf6 8. d4
Nxe4 9. d5 Nf6 10. dxc6 bxc6 11. h3 Bh5 12. Nbd2 e6 13. Qa4 Qc7 14. b4 cxb4 15.
cxb4 Nd7 16. Bb2 f6 17. Rac1 c5 18. Rfe1 Kf7 19. Ng5+ fxg5 20. Bxh5+ g6 21.
Bxh8 gxh5 22. Qb3 1-0

[Event "IX Floripa Chess Open Fort Atacadista"]
[Site "Florianópolis - Santa Catari"]
[Date "2023.01.27"]
[Round "7.59"]
[White "Araujo Filho, Luiz Antonio Coel"]
[Black "Marques Junior, Marcos Antonio"]
[Result "1-0"]
[WhiteElo "2089"]
[BlackElo "1870"]
[PlyCount "137"]
[EventDate "2023.01.23"]
[EventRounds "10"]
[EventCountry "BRA"]

1. d4 Nf6 2. Nf3 d5 3. c4 e6 4. Nc3 Be7 5. Bg5 O-O 6. e3 b6 7. Bd3 Nbd7 8. O-O
Bb7 9. Rc1 c5 10. cxd5 Nxd5 11. Bxe7 Qxe7 12. Nxd5 exd5 13. Bf5 Nf6 14. dxc5
bxc5 15. Qa4 g6 16. Bh3 Ne4 17. Rfd1 Rfe8 18. Bd7 Red8 19. Bc6 Bxc6 20. Qxc6
Rac8 21. Qa4 Qf6 22. Rc2 Rb8 23. Qa3 Kg7 24. h3 Rb6 25. b3 d4 26. exd4 cxd4 27.
Qxa7 Nc3 28. Rd3 Ra6 29. Qc5 Rd5 30. Qb4 Nxa2 31. Qd2 Nc3 32. Rxd4 Ne2+ 33.
Qxe2 Rxd4 34. Nxd4 Ra1+ 35. Kh2 Qxd4 36. Qd2 Qe5+ 37. f4 Qf6 38. Qc3 Rb1 39.
Kg3 h5 40. Qxf6+ Kxf6 41. Rc3 Kf5 42. Rc5+ Ke6 43. Rb5 f6 44. Kf3 Rf1+ 45. Ke3
Re1+ 46. Kf2 Re4 47. g3 h4 48. Kf3 hxg3 49. Kxg3 Re3+ 50. Kg2 Re2+ 51. Kf3 Rh2
52. Kg3 Rh1 53. b4 Rg1+ 54. Kf2 Rh1 55. Kg2 Rb1 56. h4 Rb2+ 57. Kg3 Rb3+ 58.
Kg2 Rb2+ 59. Kf3 Rh2 60. Kg3 Rb2 61. f5+ gxf5 62. h5 Kf7 63. Rb7+ Kg8 64. b5
Rb1 65. h6 Rh1 66. b6 Rb1 67. Rg7+ Kh8 68. b7 Rb4 69. Rc7 1-0

[Event "IX Floripa Chess Open Fort Atacadista"]
[Site "Florianópolis - Santa Catari"]
[Date "2023.01.27"]
[Round "7.60"]
[White "Ferreira, Thales Bond Dias"]
[Black "Correa, Joao Pedro Vieira"]
[Result "1/2-1/2"]
[WhiteElo "2085"]
[BlackElo "1865"]
[PlyCount "42"]
[EventDate "2023.01.23"]
[EventRounds "10"]
[EventCountry "BRA"]

1. d4 Nf6 2. Nf3 e6 3. Bf4 b6 4. e3 Bb7 5. Bd3 Be7 6. h3 O-O 7. O-O c5 8. c3 d5
9. Nbd2 Nc6 10. Qe2 cxd4 11. exd4 Bd6 12. Ne5 Ne7 13. Bh2 Ng6 14. f4 Ne8 15.
Rae1 Bc8 16. g4 f5 17. Nxg6 hxg6 18. g5 Bc7 19. Nf3 Nd6 20. Ne5 Kh7 21. h4 Ne4
1/2-1/2

[Event "IX Floripa Chess Open Fort Atacadista"]
[Site "Florianópolis - Santa Catari"]
[Date "2023.01.27"]
[Round "7.61"]
[White "Jodorcovsky, Alejandro David"]
[Black "Perez, Hernan"]
[Result "1-0"]
[WhiteElo "1808"]
[BlackElo "2081"]
[PlyCount "30"]
[EventDate "2023.01.23"]
[EventRounds "10"]
[EventCountry "BRA"]

1. e4 c5 2. Nc3 d6 3. f4 g6 4. Nf3 Bg7 5. Bb5+ Bd7 6. a4 Nc6 7. d3 Nd4 8. Bxd7+
Qxd7 9. Nd5 e6 10. Ne3 f5 11. c3 Nc6 12. Qe2 Nge7 13. a5 O-O 14. g3 e5 15. Ng2
Rac8 1-0

[Event "IX Floripa Chess Open Fort Atacadista"]
[Site "Florianópolis - Santa Catari"]
[Date "2023.01.27"]
[Round "7.62"]
[White "Silva, Caio Henrique Angel"]
[Black "Gatelli, Jacson Henrique"]
[Result "1/2-1/2"]
[WhiteElo "2081"]
[BlackElo "1820"]
[PlyCount "86"]
[EventDate "2023.01.23"]
[EventRounds "10"]
[EventCountry "BRA"]

1. d4 d5 2. Nf3 Nf6 3. g3 Bf5 4. Bg2 e6 5. O-O Be7 6. c4 c6 7. Nc3 O-O 8. b3
Nbd7 9. Bb2 h6 10. Nd2 Re8 11. e4 dxe4 12. Ndxe4 Nxe4 13. Nxe4 Nf6 14. Qe2 Bxe4
15. Bxe4 Nxe4 16. Qxe4 Bf6 17. Rfd1 Qb6 18. Rab1 Rad8 19. Rd3 Rd7 20. Rbd1 Red8
21. Kg2 Qc7 22. Bc1 Qa5 23. a3 Qc7 24. h4 c5 25. dxc5 Rxd3 26. Rxd3 Rxd3 27.
Qxd3 Qxc5 28. b4 Qc6+ 29. Kg1 a6 30. Be3 Be7 31. Qb3 b5 32. c5 Bd8 33. Qd3 Bc7
34. Bd2 Kf8 35. Bc3 f6 36. Qh7 Kf7 37. Bd2 Qf3 38. Bxh6 Qg4 39. Kg2 f5 40. h5
Qe4+ 41. Kh2 Bxg3+ 42. fxg3 Qe2+ 43. Kg1 Qe1+ 1/2-1/2

[Event "IX Floripa Chess Open Fort Atacadista"]
[Site "Florianópolis - Santa Catari"]
[Date "2023.01.27"]
[Round "7.63"]
[White "Melo, Igor De Souza"]
[Black "Medeiros Jr, Francisco De Assis"]
[Result "1/2-1/2"]
[WhiteElo "1749"]
[BlackElo "2071"]
[PlyCount "74"]
[EventDate "2023.01.23"]
[EventRounds "10"]
[EventCountry "BRA"]

1. e4 c6 2. d4 d5 3. e5 Bf5 4. h4 h5 5. Bd3 Bxd3 6. Qxd3 e6 7. Bg5 Qa5+ 8. Nd2
Qa6 9. c4 Bb4 10. b3 Ne7 11. Ne2 Nf5 12. Ng3 Nxg3 13. fxg3 c5 14. O-O Bxd2 15.
Bxd2 dxc4 16. Qf3 Rf8 17. Qxh5 Nc6 18. Bg5 cxb3 19. axb3 Qd3 20. dxc5 Nxe5 21.
Rfd1 g6 22. Rxa7 Rc8 23. Rxd3 gxh5 24. Rd1 f6 25. Bf4 Nc6 26. Rxb7 e5 27. Be3
Rf7 28. Rxf7 Kxf7 29. Rd7+ Ke6 30. Rh7 Rb8 31. Rxh5 Rxb3 32. Bf2 Rb1+ 33. Kh2
Rf1 34. Be3 Re1 35. Bf2 Rf1 36. Bg1 e4 37. g4 Ne5 1/2-1/2

[Event "IX Floripa Chess Open Fort Atacadista"]
[Site "Florianópolis - Santa Catari"]
[Date "2023.01.27"]
[Round "7.64"]
[White "Cantero, Rodolfo"]
[Black "Da Silva, Daniel Pereira"]
[Result "0-1"]
[WhiteElo "2070"]
[BlackElo "1775"]
[PlyCount "90"]
[EventDate "2023.01.23"]
[EventRounds "10"]
[EventCountry "BRA"]

1. e4 c5 2. Nf3 e6 3. d4 cxd4 4. Nxd4 Nc6 5. Nc3 Qc7 6. Qd3 a6 7. Nxc6 bxc6 8.
Qg3 Qxg3 9. hxg3 Nf6 10. e5 Ng4 11. Bf4 f6 12. exf6 Nxf6 13. O-O-O Bc5 14. f3
O-O 15. Na4 Be7 16. Nb6 Ra7 17. Bb8 Rb7 18. Nxc8 Rxc8 19. Bd6 Bxd6 20. Rxd6 Rb6
21. Rh4 Rc7 22. Ra4 Kf7 23. Rd3 Rcb7 24. Rb3 Nd5 25. Rxb6 Rxb6 26. Rxa6 Rb7 27.
Ra3 Kf6 28. c4 Nb4 29. Ra5 c5 30. a3 Nc6 31. Rxc5 Nd4 32. Rh5 Kg6 33. Rh4 Nb3+
34. Kc2 h6 35. Bd3+ Kf6 36. Rf4+ Ke5 37. Kc3 Nc1 38. Re4+ Kf6 39. Rd4 d5 40. b4
Ra7 41. Kb2 Ke5 42. Re4+ dxe4 43. Bxe4 Ne2 44. b5 Kd6 45. a4 Kc5 0-1

[Event "IX Floripa Chess Open Fort Atacadista"]
[Site "Florianópolis - Santa Catari"]
[Date "2023.01.27"]
[Round "7.65"]
[White "De Paula, Luan Araujo"]
[Black "Martins, Anderson Donay"]
[Result "1-0"]
[WhiteElo "1747"]
[BlackElo "2058"]
[PlyCount "87"]
[EventDate "2023.01.23"]
[EventRounds "10"]
[EventCountry "BRA"]

1. e4 e5 2. Nf3 Nf6 3. Nxe5 d6 4. Nf3 Nxe4 5. Nc3 Nxc3 6. dxc3 Be7 7. Be3 Bg4
8. Qd2 Bxf3 9. gxf3 Nc6 10. Bh3 O-O 11. O-O-O Bf6 12. f4 Rb8 13. Rhg1 b5 14.
Qd5 Ne7 15. Qg2 Kh8 16. Bd4 Bxd4 17. cxd4 Rg8 18. Qe4 c6 19. Rd3 Nd5 20. Bf1
Qf6 21. f5 Rbe8 22. Qg4 Re1+ 23. Kd2 Rge8 24. Rdg3 g6 25. Bd3 Rxg1 26. Rxg1 Kg7
27. Re1 h5 28. Qg3 Rxe1 29. Kxe1 Ne7 30. fxg6 fxg6 31. c3 b4 32. Qh3 bxc3 33.
bxc3 Nd5 34. Qd7+ Kh6 35. Qxc6 Qg5 36. Kd1 Qg1+ 37. Kc2 Qxf2+ 38. Kb3 Nb6 39.
Qxd6 Qg1 40. h4 Qd1+ 41. Bc2 Qg4 42. Qf8+ Kh7 43. Qf7+ Kh6 44. Qg8 1-0

[Event "IX Floripa Chess Open Fort Atacadista"]
[Site "Florianópolis - Santa Catari"]
[Date "2023.01.27"]
[Round "7.66"]
[White "Ribeiro Carrico, Victor Hugo"]
[Black "Peroza, Eduardo Antunes"]
[Result "0-1"]
[WhiteElo "1737"]
[BlackElo "2053"]
[PlyCount "58"]
[EventDate "2023.01.23"]
[EventRounds "10"]
[EventCountry "BRA"]

1. e4 c5 2. Nf3 e6 3. c4 a6 4. Nc3 b6 5. Be2 Bb7 6. d4 cxd4 7. Nxd4 Qc7 8. Bg5
Nf6 9. Bxf6 gxf6 10. Rc1 Rg8 11. Bf3 Qe5 12. O-O h5 13. Nf5 Nc6 14. Bxh5 exf5
15. exf5 O-O-O 16. Nd5 Bc5 17. Rc3 Kb8 18. h3 Qxf5 19. Bxf7 Rg7 20. Bh5 Qg5 21.
Qg4 Rdg8 22. Qxg5 Rxg5 23. Nxf6 Rxg2+ 24. Kh1 Nd4 25. f3 R8g7 26. Nxd7+ Kc7 27.
Nxc5 bxc5 28. Bg4 Rxb2 29. a3 Ne2 0-1

[Event "IX Floripa Chess Open Fort Atacadista"]
[Site "Florianópolis - Santa Catari"]
[Date "2023.01.27"]
[Round "7.67"]
[White "Ramazzotte, Adriano"]
[Black "Araujo, Renan Aparecido"]
[Result "0-1"]
[WhiteElo "1490"]
[BlackElo "2041"]
[PlyCount "68"]
[EventDate "2023.01.23"]
[EventRounds "10"]
[EventCountry "BRA"]

1. d4 Nf6 2. c4 e6 3. Nf3 Bb4+ 4. Bd2 Qe7 5. a3 Bxd2+ 6. Nbxd2 d6 7. e4 e5 8.
d5 a5 9. b4 Na6 10. c5 dxc5 11. b5 Nb8 12. Qc2 Bg4 13. Be2 b6 14. Nc4 Nbd7 15.
O-O-O O-O-O 16. d6 cxd6 17. Rxd6 Kc7 18. Rhd1 Be6 19. Rc6+ Kb7 20. Rdd6 Ne8 21.
Rxd7+ Rxd7 22. Rxb6+ Kc8 23. Nfxe5 Rb7 24. Rc6+ Rc7 25. Nxa5 Qg5+ 26. Qd2 Qxe5
27. Kb1 Qxe4+ 28. Bd3 Qd5 29. Ra6 c4 30. Nc6 Qxb5+ 31. Nb4 cxd3 32. Qe3 Bd5 33.
Qh3+ Kb8 34. Qe3 Rb7 0-1

[Event "IX Floripa Chess Open Fort Atacadista"]
[Site "Florianópolis - Santa Catari"]
[Date "2023.01.27"]
[Round "7.68"]
[White "Sekula, Markley Ribas"]
[Black "Silva, Gabryel Lunardi Car"]
[Result "0-1"]
[WhiteElo "2040"]
[BlackElo "1697"]
[PlyCount "54"]
[EventDate "2023.01.23"]
[EventRounds "10"]
[EventCountry "BRA"]

1. e4 e5 2. Nf3 Nc6 3. Nc3 Bc5 4. Bb5 d6 5. Na4 Bb6 6. Nxb6 axb6 7. d4 exd4 8.
Nxd4 Nge7 9. O-O O-O 10. c3 d5 11. Qc2 Nxd4 12. cxd4 dxe4 13. Qxe4 Ra5 14. a4
Bd7 15. b4 Bxb5 16. bxa5 Bxf1 17. Kxf1 Nd5 18. axb6 cxb6 19. Bd2 Re8 20. Qf5
Qd6 21. Re1 Rxe1+ 22. Bxe1 Qe6 23. Qg5 f6 24. Qg3 Ne7 25. Qb8+ Kf7 26. Qc7 Qc6
27. Qd8 Qc4+ 0-1

[Event "IX Floripa Chess Open Fort Atacadista"]
[Site "Florianópolis - Santa Catari"]
[Date "2023.01.27"]
[Round "7.69"]
[White "Ibanez, Marcelo"]
[Black "Ramazzotte, Maicon Zilli"]
[Result "1-0"]
[WhiteElo "2014"]
[BlackElo "1562"]
[PlyCount "39"]
[EventDate "2023.01.23"]
[EventRounds "10"]
[EventCountry "BRA"]

1. d4 Nf6 2. c4 e6 3. Nc3 Bb4 4. Qc2 d5 5. Bg5 O-O 6. Nf3 h6 7. Bxf6 Qxf6 8. e3
b6 9. a3 Bxc3+ 10. bxc3 dxc4 11. Qe4 c6 12. Bxc4 Bb7 13. Bd3 g6 14. Ne5 Rd8 15.
Ng4 Qg7 16. Qf4 h5 17. Nf6+ Kf8 18. g4 hxg4 19. Rg1 Nd7 20. Qd6# 1-0